Indian rubber industry: Past, present and future (Record no. 61095)

MARC details
000 -LEADER
fixed length control field 00332nam a2200133Ia 4500
100 ## - MAIN ENTRY--AUTHOR NAME
Personal name Lathia Yogen
245 #0 - TITLE STATEMENT
Title Indian rubber industry: Past, present and future
260 ## - PUBLICATION, DISTRIBUTION, ETC. (IMPRINT)
Name of publisher Rubber India
Year of publication 2006
300 ## - PHYSICAL DESCRIPTION
Number of Pages 35-38
650 ## - SUBJECT ADDED ENTRY--TOPICAL TERM
Topical Term India
650 ## - SUBJECT ADDED ENTRY--TOPICAL TERM
Topical Term Rubber industry
942 ## - ADDED ENTRY ELEMENTS (KOHA)
Koha item type Journals
Holdings
Withdrawn status Lost status Damaged status Not for loan Home library Current library Shelving location Date acquired Serial Enumeration / chronology Koha item type
      Journals RRII Library RRII Library Agricultural economics 01/01/2021 Volume LVIII, Issue 12 Journals